Loading...
| History - World | 0 | 4 | 1 | 0 | 35 | 74 | 92.75 | 0 | 0 | 0.00 | 0.00 |
| History - American | 0 | 3 | 0 | 2 | 30 | 102 | 110.67 | 0 | 0 | 0.00 | 0.00 |
| Science - Biology | 0 | 2 | 0 | 0 | 20 | 77 | 92.50 | 0 | 0 | 0.00 | 0.00 |
| Social Science | 0 | 2 | 0 | 0 | 20 | 87 | 99.00 | 0 | 1 | 0.00 | 0.00 |
| History - Other | 0 | 2 | 1 | 2 | 15 | 100 | 113.00 | 0 | 0 | 0.00 | 0.00 |
| Fine Arts - Other | 0 | 1 | 0 | 0 | 10 | 102 | 102.00 | 0 | 1 | 0.00 | 0.00 |
| Geography/Current Events | 0 | 2 | 2 | 0 | 10 | 72 | 84.50 | 0 | 1 | 0.00 | 0.00 |
| Science - Physics | 0 | 1 | 0 | 0 | 10 | 84 | 84.00 | 0 | 0 | 0.00 | 0.00 |
| Science - Other | 0 | 1 | 1 | 0 | 5 | 11 | 11.00 | 1 | 1 | 0.00 | 0.00 |
| Philosophy | 0 | 1 | 1 | 0 | 5 | 75 | 75.00 | 0 | 1 | 0.00 | 0.00 |
| History - European | 0 | 1 | 2 | 0 | 0 | 120 | 120.00 | 0 | 0 | 0.00 | 0.00 |
| Mythology | 0 | 0 | 1 | 0 | -5 | 0.00 | 0 | 0 | 0.00 | 0.00 |